Normal view
MARC view
Entry Personal Name
001 - CONTROL NUMBER
- control field: 17417
003 - CONTROL NUMBER IDENTIFIER
- control field: HDC
005 - DATE AND TIME OF LATEST TRANSACTION
- control field: 20230624073515.0
008 - FIXED-LENGTH DATA ELEMENTS
- fixed length control field: 210227|| aca||aabn | a|a d
040 ## - CATALOGING SOURCE
- Original cataloging agency: HDC
- Transcribing agency: HDC
100 ## - HEADING--PERSONAL NAME
- Personal name: Wan Mohamad Sheikh Abdul Aziz,
- Titles and other words associated with a name: Datuk
670 ## - SOURCE DATA FOUND
- Source citation: Work cat.: (HDC): Wan Mohamad Sheikh Abdul Aziz, Datuk author, Opinion: Why ‘Halal Malaysia’? / by, 2010
